000 00384 a2200121 4500
245 _aAncient Rome
_b : art, architecture and history
_hprint
020 _a0714122343
005 20191021100150.0
260 _aenk
_bBritish Museum
_c2002
084 _aNONE
300 _a144 p. : ill. (chiefly col.), maps
_b 21 cm.
_c144 p. : ill. (chiefly col.), maps ; 21 cm.
500 _aAdab Gabucci.
999 _c13150
_d13150